Cricket: Most Career Test Runs by Batting Position - Statistics

General Stats
  • This quiz has been taken 44 times
    37 since last reset
  • The average score is 10 of 11
Answer Stats
Country Years Position Runs Average Answer % Correct
SL 2000-2015 3 11679 60.83 Kumar Sangakkara
100%
IND 1989-2013 4 13492 54.40 Sachin Tendulkar
100%
ENG 2006-2018 Opener 11845 44.87 Sir Alastair Cook
100%
ENG 2007-2021* 9 1310 20.15 Stuart Broad
100%
WI 1994-2015 5 6883 56.42 Shivnarine Chanderpaul
97%
AUS 2011-2021* 10 605 12.87 Nathan Lyon
94%
IND 1971-1987 Opener 9607 50.30 Sunil Gavaskar
94%
AUS 1999-2008 7 3948 46.45 Adam Gilchrist
91%
SL 1992-2010 11 623 11.33 Muttiah Muralitharan
91%
AUS 1985-2004 6 3165 51.05 Steve Waugh
88%
NZ 1997-2014 8 2227 39.77 Daniel Vettori
85%
No matching quizzes found
Score Distribution
Percent of People with Each Score
Percentile by Number Answered
Your Score History
You have not taken this quiz since the last reset